[Event "EYCC 2024 - O18"]
[Site "?"]
[Date "2024.08.24"]
[Round "3.1"]
[White "Sokolovsky, Yahli"]
[Black "Elmi, Saad Abobaker"]
[Result "1-0"]
[BlackElo "2383"]
[WhiteElo "2522"]
[LiveChessVersion "1.4.8"]

1. e4 {[%clk 1:30:56]} e5 {[%clk 1:30:51]} 2. Nf3 {[%clk 1:31:22]} Nc6
{[%clk 1:31:11]} 3. Bb5 {[%clk 1:31:48]} a6 {[%clk 1:31:30]} 4. Ba4
{[%clk 1:32:13]} d6 {[%clk 1:31:51]} 5. O-O {[%clk 1:31:12]} Bd7 {[%clk 1:32:03]}
6. c4 {[%clk 1:29:12]} Nf6 {[%clk 1:22:19]} 7. Nc3 {[%clk 1:29:36]} g6
{[%clk 1:20:43]} 8. Bxc6 {[%clk 1:19:20]} Bxc6 {[%clk 1:17:10]} 9. d4
{[%clk 1:13:02]} Nxe4 {[%clk 1:02:10]} 10. Nxe4 {[%clk 1:12:43]} Bxe4
{[%clk 1:02:32]} 11. dxe5 {[%clk 1:03:39]} dxe5 {[%clk 0:59:12]} 12. Qe1
{[%clk 1:04:07]} f5 {[%clk 0:53:57]} 13. Ng5 {[%clk 1:03:23]} Qf6
{[%clk 0:54:18]} 14. Nxe4 {[%clk 1:01:16]} fxe4 {[%clk 0:54:43]} 15. Qxe4
{[%clk 0:59:44]} O-O-O {[%clk 0:54:36]} 16. Be3 {[%clk 0:58:01]} Qf5
{[%clk 0:54:12]} 17. Qh4 {[%clk 0:51:05]} Rd7 {[%clk 0:54:10]} 18. c5
{[%clk 0:49:48]} Be7 {[%clk 0:50:40]} 19. Qc4 {[%clk 0:43:39]} c6
{[%clk 0:46:50]} 20. b4 {[%clk 0:43:08]} Qd3 {[%clk 0:42:43]} 21. Qc1
{[%clk 0:39:20]} Rhd8 {[%clk 0:36:00]} 22. a4 {[%clk 0:39:01]} Qb3
{[%clk 0:33:18]} 23. b5 {[%clk 0:29:29]} cxb5 {[%clk 0:33:25]} 24. c6
{[%clk 0:27:11]} Rc7 {[%clk 0:33:10]} 25. axb5 {[%clk 0:27:34]} Qxb5
{[%clk 0:33:14]} 26. cxb7+ {[%clk 0:27:38]} Kxb7 {[%clk 0:33:01]} 27. Qb1
{[%clk 0:25:51]} Rd3 {[%clk 0:32:37]} 28. Ra5 {[%clk 0:21:27]} Qxb1
{[%clk 0:31:25]} 29. Rxb1+ {[%clk 0:21:55]} Kc6 {[%clk 0:30:45]} 30. Rxa6+
{[%clk 0:19:57]} Kd7 {[%clk 0:30:12]} 31. g3 {[%clk 0:18:38]} Rd6
{[%clk 0:28:20]} 32. Ra5 {[%clk 0:16:22]} Ke6 {[%clk 0:27:29]} 33. Rbb5
{[%clk 0:16:27]} Bf6 {[%clk 0:27:14]} 34. Kg2 {[%clk 0:16:55]} Rcd7
{[%clk 0:24:35]} 35. Kf3 {[%clk 0:16:33]} Rd5 {[%clk 0:24:20]} 36. Rb6+
{[%clk 0:15:13]} R7d6 {[%clk 0:23:57]} 37. Rxd5 {[%clk 0:15:41]} Kxd5
{[%clk 0:24:08]} 38. Rb7 {[%clk 0:15:24]} h5 {[%clk 0:23:08]} 39. Rb5+
{[%clk 0:15:27]} Ke6 {[%clk 0:23:20]} 40. Ke4 {[%clk 0:15:51]} Ra6
{[%clk 0:23:31]} 41. Rb4 {[%clk 0:16:11]} Be7 {[%clk 0:23:33]} 42. Rc4
{[%clk 0:16:09]} Bd6 {[%clk 0:23:23]} 43. h3 {[%clk 0:16:21]} Ra2
{[%clk 0:22:16]} 44. g4 {[%clk 0:14:40]} hxg4 {[%clk 0:22:04]} 45. hxg4
{[%clk 0:15:08]} Rb2 {[%clk 0:22:21]} 46. Rc6 {[%clk 0:15:00]} Rb4+
{[%clk 0:22:16]} 47. Kf3 {[%clk 0:15:28]} Kd5 {[%clk 0:21:12]} 48. Ra6
{[%clk 0:15:56]} Rc4 {[%clk 0:19:39]} 49. Kg3 {[%clk 0:15:44]} Rc6
{[%clk 0:18:58]} 50. Ra7 {[%clk 0:16:07]} Rc7 {[%clk 0:18:54]} 51. Ra5+
{[%clk 0:16:36]} Ke6 {[%clk 0:18:40]} 52. Ra6 {[%clk 0:17:04]} Kd5
{[%clk 0:18:22]} 53. Kh4 {[%clk 0:16:59]} Rc4 {[%clk 0:17:39]} 54. Kg5
{[%clk 0:15:01]} Be7+ {[%clk 0:15:46]} 55. Kxg6 {[%clk 0:15:19]} Rxg4+
{[%clk 0:16:13]} 56. Kf5 {[%clk 0:15:32]} Rg8 {[%clk 0:15:34]} 57. Ra5+
{[%clk 0:15:40]} Kc6 {[%clk 0:15:53]} 58. Kxe5 {[%clk 0:11:31]} Bd6+
{[%clk 0:15:20]} 59. Ke4 {[%clk 0:11:45]} Re8+ {[%clk 0:15:25]} 60. Kd4
{[%clk 0:12:07]} Bc7 {[%clk 0:13:00]} 61. Ra6+ {[%clk 0:09:36]} Kb5
{[%clk 0:12:37]} 62. Ra3 {[%clk 0:08:49]} Bb6+ {[%clk 0:11:56]} 63. Kd5
{[%clk 0:09:18]} Kb4 {[%clk 0:11:42]} 64. Rd3 {[%clk 0:08:13]} Rd8+
{[%clk 0:11:59]} 65. Ke4 {[%clk 0:08:42]} Re8+ {[%clk 0:12:09]} 66. Kf3
{[%clk 0:06:52]} Kc4 {[%clk 0:11:11]} 67. Ke2 {[%clk 0:05:41]} Bxe3
{[%clk 0:09:09]} 68. Rxe3 {[%clk 0:06:05]} Rf8 {[%clk 0:09:17]} 69. Rf3
{[%clk 0:06:10]} Re8+ {[%clk 0:09:20]} 70. Kd2 {[%clk 0:06:35]} Rd8+
{[%clk 0:09:15]} 71. Ke2 {[%clk 0:07:04]} Re8+ {[%clk 0:09:39]} 72. Re3
{[%clk 0:07:31]} Rf8 {[%clk 0:09:59]} 73. f3 {[%clk 0:07:22]} Kd4
{[%clk 0:09:48]} 74. Re4+ {[%clk 0:07:50]} Kd5 {[%clk 0:10:01]} 75. Ke3
{[%clk 0:08:18]} Rf6 {[%clk 0:08:56]} 76. Re8 {[%clk 0:08:29]} Rf7
{[%clk 0:06:08]} 77. f4 {[%clk 0:08:12]} Rf6 {[%clk 0:04:54]} 78. Kf3
{[%clk 0:08:24]} Rf7 {[%clk 0:05:00]} 79. Kg4 {[%clk 0:08:46]} Rg7+
{[%clk 0:04:55]} 80. Kf5 {[%clk 0:08:42]} Kd6 {[%clk 0:04:29]} 81. Kf6
{[%clk 0:09:01]} Rg4 {[%clk 0:04:36]} 82. f5 {[%clk 0:08:21]} Kd7
{[%clk 0:04:45]} 83. Re1 {[%clk 0:08:34]} Rf4 {[%clk 0:04:39]} 84. Kg6
{[%clk 0:08:52]} Rg4+ {[%clk 0:04:41]} 85. Kf7 {[%clk 0:09:21]} Rf4
{[%clk 0:04:47]} 86. Rd1+ {[%clk 0:09:46]} 1-0

[Event "EYCC 2024 - O18"]
[Site "?"]
[Date "2024.08.24"]
[Round "3.3"]
[White "Malek, Jan"]
[Black "Chyzy, Jakub"]
[Result "1/2-1/2"]
[BlackElo "2368"]
[WhiteElo "2482"]
[LiveChessVersion "1.4.8"]

1. Nf3 {[%clk 1:30:58]} d5 {[%clk 1:30:20]} 2. d4 {[%clk 1:31:21]} Nf6
{[%clk 1:30:37]} 3. c4 {[%clk 1:31:45]} e6 {[%clk 1:30:56]} 4. Nc3
{[%clk 1:32:08]} Nbd7 {[%clk 1:31:13]} 5. g3 {[%clk 1:32:01]} dxc4
{[%clk 1:28:00]} 6. Bg2 {[%clk 1:31:54]} Bb4 {[%clk 1:25:10]} 7. Qc2
{[%clk 1:24:58]} O-O {[%clk 1:19:41]} 8. O-O {[%clk 1:25:12]} c6 {[%clk 1:12:32]}
9. Rd1 {[%clk 1:20:27]} Qe7 {[%clk 1:12:35]} 10. a4 {[%clk 1:15:14]} a5
{[%clk 1:07:38]} 11. Na2 {[%clk 1:04:29]} e5 {[%clk 0:56:29]} 12. Nxb4
{[%clk 0:59:15]} axb4 {[%clk 0:55:34]} 13. dxe5 {[%clk 0:47:47]} Nxe5
{[%clk 0:55:02]} 14. Nxe5 {[%clk 0:42:03]} Qxe5 {[%clk 0:55:25]} 15. Qxc4
{[%clk 0:42:29]} Be6 {[%clk 0:55:13]} 16. Qxb4 {[%clk 0:42:54]} Qxe2
{[%clk 0:55:29]} 17. Bg5 {[%clk 0:43:08]} Nd5 {[%clk 0:54:47]} 18. Qd4
{[%clk 0:28:48]} h6 {[%clk 0:36:00]} 19. Bd2 {[%clk 0:25:14]} Qg4
{[%clk 0:33:50]} 20. Qxg4 {[%clk 0:19:37]} Bxg4 {[%clk 0:34:15]} 21. Re1
{[%clk 0:19:58]} Rfe8 {[%clk 0:34:01]} 22. a5 {[%clk 0:20:21]} Be2
{[%clk 0:29:21]} 23. Ra3 {[%clk 0:18:26]} Ba6 {[%clk 0:26:13]} 24. Bf3
{[%clk 0:17:42]} Rxe1+ {[%clk 0:23:22]} 25. Bxe1 {[%clk 0:18:11]} Re8
{[%clk 0:22:05]} 26. Bd2 {[%clk 0:18:39]} Kf8 {[%clk 0:21:51]} 27. h4
{[%clk 0:16:48]} Ke7 {[%clk 0:21:32]} 28. Ra4 {[%clk 0:17:13]} f5
{[%clk 0:13:46]} 29. Bxd5 {[%clk 0:11:13]} cxd5 {[%clk 0:14:10]} 30. h5
{[%clk 0:11:38]} Rc8 {[%clk 0:00:34]} 31. Bc3 {[%clk 0:11:46]} Rc4
{[%clk 0:00:55]} 32. Rxc4 {[%clk 0:10:00]} Bxc4 {[%clk 0:01:20]} 33. f3
{[%clk 0:08:00]} Kf7 {[%clk 0:01:23]} 34. Kf2 {[%clk 0:08:24]} g6
{[%clk 0:01:45]} 35. hxg6+ {[%clk 0:08:38]} Kxg6 {[%clk 0:02:12]} 36. Ke3
{[%clk 0:09:02]} Kf7 {[%clk 0:02:09]} 37. Be5 {[%clk 0:08:36]} Ke6
{[%clk 0:02:20]} 38. Kd4 {[%clk 0:09:04]} h5 {[%clk 0:02:24]} 39. b4
{[%clk 0:09:19]} Be2 {[%clk 0:01:53]} 40. f4 {[%clk 0:09:05]} Kd7
{[%clk 0:02:13]} 41. Kc5 {[%clk 0:08:22]} d4 {[%clk 0:02:12]} 42. Bxd4
{[%clk 0:08:43]} Bf3 {[%clk 0:01:32]} 43. Kb6 {[%clk 0:08:46]} Kc8
{[%clk 0:01:57]} 44. Be5 {[%clk 0:08:25]} Be2 {[%clk 0:02:02]} 45. Bd6
{[%clk 0:06:09]} Bf1 {[%clk 0:02:25]} 46. Kc5 {[%clk 0:04:49]} Kd7
{[%clk 0:02:52]} 47. Kd5 {[%clk 0:05:13]} Bh3 {[%clk 0:00:38]} 48. Bc5
{[%clk 0:05:19]} Bg4 {[%clk 0:00:41]} 49. Bd4 {[%clk 0:05:14]} Bh3
{[%clk 0:00:48]} 50. b5 {[%clk 0:05:38]} Bf1 {[%clk 0:00:48]} 51. Ke5
{[%clk 0:06:02]} Bd3 {[%clk 0:00:47]} 52. Bc5 {[%clk 0:06:26]} Kc7
{[%clk 0:00:36]} 53. Ke6 {[%clk 0:06:17]} Be4 {[%clk 0:00:43]} 54. Bd6+
{[%clk 0:06:13]} Kc8 {[%clk 0:01:01]} 55. Be5 {[%clk 0:06:28]} Bd3
{[%clk 0:00:54]} 56. Bc3 {[%clk 0:05:26]} Kc7 {[%clk 0:00:49]} 57. Bd4
{[%clk 0:05:50]} Be4 {[%clk 0:00:59]} 58. Be5+ {[%clk 0:06:14]} Kc8
{[%clk 0:01:23]} 59. Kf6 {[%clk 0:06:28]} Bd3 {[%clk 0:01:34]} 60. Kg6
{[%clk 0:06:50]} Kd7 {[%clk 0:02:00]} 61. Kf6 {[%clk 0:04:02]} Ke8
{[%clk 0:01:20]} 62. Ke6 {[%clk 0:04:18]} Bxb5 {[%clk 0:01:41]} 63. Kxf5
{[%clk 0:04:40]} Kf7 {[%clk 0:02:06]} 1/2-1/2

[Event "EYCC 2024 - O18"]
[Site "?"]
[Date "2024.08.24"]
[Round "3.4"]
[White "Macias Pino, Diego"]
[Black "Gasparyan, Erik R."]
[Result "1-0"]
[BlackElo "2350"]
[WhiteElo "2477"]
[LiveChessVersion "1.4.8"]

1. e4 {[%clk 1:30:57]} e5 {[%clk 1:30:43]} 2. Nf3 {[%clk 1:31:19]} Nc6
{[%clk 1:30:58]} 3. Bb5 {[%clk 1:31:45]} a6 {[%clk 1:30:21]} 4. Ba4
{[%clk 1:31:46]} Nf6 {[%clk 1:28:19]} 5. O-O {[%clk 1:32:05]} Be7
{[%clk 1:23:55]} 6. Re1 {[%clk 1:32:05]} b5 {[%clk 1:23:15]} 7. Bb3
{[%clk 1:32:34]} d6 {[%clk 1:21:52]} 8. c3 {[%clk 1:32:48]} O-O {[%clk 1:20:56]}
9. h3 {[%clk 1:33:15]} Na5 {[%clk 1:20:04]} 10. Bc2 c5 {[%clk 1:20:29]} 11. d4
{[%clk 1:32:53]} Qc7 {[%clk 1:04:20]} 12. Nbd2 {[%clk 1:32:10]} Be6
{[%clk 0:53:09]} 13. d5 {[%clk 1:31:54]} Bd7 {[%clk 0:53:20]} 14. b3
{[%clk 1:24:19]} c4 {[%clk 0:48:39]} 15. b4 {[%clk 1:23:35]} Nb7 {[%clk 0:49:06]}
16. Nf1 {[%clk 1:21:42]} Ne8 {[%clk 0:45:22]} 17. a4 {[%clk 1:12:14]} g6
{[%clk 0:42:42]} 18. axb5 {[%clk 1:09:01]} Bxb5 {[%clk 0:43:04]} 19. Bh6
{[%clk 1:08:27]} Ng7 {[%clk 0:43:04]} 20. Ne3 {[%clk 1:08:17]} f6
{[%clk 0:30:00]} 21. Ba4 {[%clk 1:06:13]} Rfc8 {[%clk 0:27:58]} 22. Re2
{[%clk 1:00:15]} Nd8 {[%clk 0:27:42]} 23. Bxg7 {[%clk 0:57:13]} Kxg7
{[%clk 0:28:06]} 24. Rea2 {[%clk 0:57:34]} Rab8 {[%clk 0:25:41]} 25. Qc1
{[%clk 0:55:16]} Rb7 {[%clk 0:23:28]} 26. Nd2 {[%clk 0:54:58]} Nf7
{[%clk 0:23:04]} 27. Bd1 {[%clk 0:54:52]} Qd8 {[%clk 0:18:50]} 28. Bg4
{[%clk 0:54:07]} Rcc7 {[%clk 0:19:11]} 29. Qf1 {[%clk 0:53:16]} Nh6
{[%clk 0:16:48]} 30. Be2 {[%clk 0:53:32]} f5 {[%clk 0:17:14]} 31. Nexc4
{[%clk 0:53:21]} Bg5 {[%clk 0:11:39]} 32. Na5 {[%clk 0:53:11]} Rb6
{[%clk 0:12:03]} 33. Bxb5 {[%clk 0:51:45]} axb5 {[%clk 0:12:23]} 34. Nc6
{[%clk 0:52:05]} Qf6 {[%clk 0:12:15]} 35. Qd3 {[%clk 0:50:37]} Bxd2
{[%clk 0:08:01]} 36. Qxd2 {[%clk 0:50:12]} fxe4 {[%clk 0:07:01]} 37. Qe3
{[%clk 0:50:19]} Rbb7 {[%clk 0:07:29]} 38. Ra8 {[%clk 0:50:00]} Nf7
{[%clk 0:06:43]} 39. Qxe4 {[%clk 0:49:50]} Qf5 {[%clk 0:05:52]} 40. Qe3
{[%clk 0:48:48]} Qg5 {[%clk 0:05:26]} 41. Qxg5 {[%clk 0:48:36]} Nxg5
{[%clk 0:05:52]} 42. Nd8 {[%clk 0:48:58]} Rb6 {[%clk 0:06:14]} 43. h4
{[%clk 0:49:23]} 1-0

[Event "EYCC 2024 - O18"]
[Site "?"]
[Date "2024.08.24"]
[Round "3.5"]
[White "Koutlas, Nikolaos"]
[Black "Razafindratsima, Timothe"]
[Result "1-0"]
[BlackElo "2457"]
[WhiteElo "2322"]
[LiveChessVersion "1.4.8"]

1. e4 {[%clk 1:30:56]} e5 {[%clk 1:30:48]} 2. Nf3 {[%clk 1:31:08]} Nf6
{[%clk 1:31:04]} 3. Nxe5 {[%clk 1:26:14]} d6 {[%clk 1:31:26]} 4. Nf3
{[%clk 1:26:40]} Nxe4 {[%clk 1:31:44]} 5. d3 {[%clk 1:25:56]} Nf6
{[%clk 1:31:59]} 6. d4 {[%clk 1:26:15]} d5 {[%clk 1:31:18]} 7. Bd3
{[%clk 1:26:05]} Bd6 {[%clk 1:31:23]} 8. O-O {[%clk 1:26:13]} O-O
{[%clk 1:31:46]} 9. h3 {[%clk 1:26:34]} Nc6 {[%clk 1:22:45]} 10. c3
{[%clk 1:23:05]} h6 {[%clk 1:22:47]} 11. Re1 {[%clk 1:20:27]} Re8
{[%clk 1:21:22]} 12. Nbd2 {[%clk 1:15:42]} Bd7 {[%clk 1:15:18]} 13. Nf1
{[%clk 1:05:01]} Ne4 {[%clk 0:44:41]} 14. Ne3 {[%clk 1:01:45]} Be6
{[%clk 0:42:16]} 15. a3 {[%clk 0:50:23]} Ne7 {[%clk 0:31:48]} 16. Nxd5
{[%clk 0:46:17]} Nxd5 {[%clk 0:30:01]} 17. Bxe4 {[%clk 0:43:52]} f5
{[%clk 0:26:18]} 18. Bd3 {[%clk 0:40:48]} c6 {[%clk 0:26:38]} 19. Bd2
{[%clk 0:38:17]} Qf6 {[%clk 0:24:41]} 20. Ne5 {[%clk 0:34:54]} Rad8
{[%clk 0:24:15]} 21. Qf3 {[%clk 0:30:20]} Nb6 {[%clk 0:22:40]} 22. b4
{[%clk 0:27:15]} Bc7 {[%clk 0:20:01]} 23. Qh5 {[%clk 0:23:53]} Nd5
{[%clk 0:10:29]} 24. Rad1 {[%clk 0:21:32]} Nb6 {[%clk 0:10:11]} 25. Re3
{[%clk 0:19:43]} f4 {[%clk 0:08:28]} 26. Re4 {[%clk 0:18:48]} Bxe5
{[%clk 0:04:01]} 27. Qxe5 {[%clk 0:17:20]} Qxe5 {[%clk 0:03:34]} 28. Rxe5
{[%clk 0:17:45]} f3 {[%clk 0:03:02]} 29. Rde1 {[%clk 0:16:53]} Bf7
{[%clk 0:03:21]} 30. Rxe8+ {[%clk 0:17:16]} Rxe8 {[%clk 0:03:35]} 31. Rxe8+
{[%clk 0:17:36]} Bxe8 {[%clk 0:04:04]} 32. gxf3 {[%clk 0:16:56]} Bf7
{[%clk 0:04:33]} 33. Kg2 {[%clk 0:14:58]} a6 {[%clk 0:03:58]} 34. Kf1
{[%clk 0:13:58]} Be6 {[%clk 0:04:08]} 35. h4 {[%clk 0:14:23]} Kf7
{[%clk 0:04:37]} 36. Ke2 {[%clk 0:14:36]} Bd5 {[%clk 0:03:11]} 37. Bf4
{[%clk 0:12:07]} Nc4 {[%clk 0:01:19]} 38. a4 {[%clk 0:12:13]} Nb2
{[%clk 0:01:46]} 39. Bc2 {[%clk 0:12:38]} Nc4 {[%clk 0:01:43]} 40. Bc7
{[%clk 0:09:42]} b5 {[%clk 0:02:06]} 41. a5 {[%clk 0:09:50]} Kf6 {[%clk 0:02:23]}
42. f4 {[%clk 0:09:37]} Na3 {[%clk 0:02:25]} 43. Be5+ {[%clk 0:10:02]} Kf7
{[%clk 0:02:53]} 44. Bf5 {[%clk 0:09:31]} Be6 {[%clk 0:02:45]} 45. Be4
{[%clk 0:09:12]} Bd5 {[%clk 0:03:03]} 46. f3 {[%clk 0:09:37]} h5 {[%clk 0:01:26]}
47. Bf5 {[%clk 0:08:53]} Be6 {[%clk 0:01:51]} 48. Bxe6+ {[%clk 0:08:51]} Kxe6
{[%clk 0:02:20]} 49. Bxg7 {[%clk 0:09:16]} Kf5 {[%clk 0:01:22]} 50. Be5
{[%clk 0:09:18]} Nc4 {[%clk 0:01:46]} 51. Bc7 {[%clk 0:09:22]} Nb2
{[%clk 0:01:31]} 52. Bb8 {[%clk 0:08:41]} Ke6 {[%clk 0:01:40]} 53. d5+
{[%clk 0:07:24]} cxd5 {[%clk 0:01:33]} 54. Ke3 {[%clk 0:07:50]} Nc4+
{[%clk 0:01:46]} 55. Kd4 {[%clk 0:08:02]} Nd2 {[%clk 0:02:12]} 56. f5+
{[%clk 0:07:42]} Kxf5 {[%clk 0:02:20]} 57. Kxd5 {[%clk 0:08:06]} Nxf3
{[%clk 0:02:42]} 58. c4 {[%clk 0:08:01]} bxc4 {[%clk 0:03:03]} 59. Kxc4
{[%clk 0:08:27]} Ke6 {[%clk 0:01:32]} 60. b5 {[%clk 0:08:06]} Kd7
{[%clk 0:01:23]} 61. Kc5 {[%clk 0:06:52]} Kc8 {[%clk 0:01:08]} 62. Bg3
{[%clk 0:06:52]} Kb7 {[%clk 0:01:20]} 63. b6 {[%clk 0:07:17]} Nd2
{[%clk 0:01:35]} 64. Kd5 {[%clk 0:07:25]} Nf3 {[%clk 0:01:32]} 65. Ke4
{[%clk 0:07:50]} Nd2+ {[%clk 0:00:49]} 66. Kf4 {[%clk 0:07:47]} Nb3
{[%clk 0:01:11]} 67. Be1 {[%clk 0:06:48]} Nd4 {[%clk 0:01:40]} 68. Bd2
{[%clk 0:07:02]} Kc6 {[%clk 0:02:03]} 69. Be3 {[%clk 0:06:58]} Nb3
{[%clk 0:02:25]} 70. Kg5 {[%clk 0:07:10]} Nxa5 {[%clk 0:02:52]} 71. Kxh5
{[%clk 0:07:36]} Nc4 {[%clk 0:02:58]} 72. Bd4 {[%clk 0:07:48]} Nd2
{[%clk 0:02:42]} 73. Kg4 {[%clk 0:08:12]} Nb3 {[%clk 0:02:23]} 74. Bb2
{[%clk 0:08:32]} Nc5 {[%clk 0:01:13]} 75. h5 {[%clk 0:08:57]} Ne6
{[%clk 0:00:34]} 76. h6 {[%clk 0:09:24]} Nf8 {[%clk 0:00:57]} 77. Kf5
{[%clk 0:09:50]} Kxb6 {[%clk 0:01:08]} 78. Ba3 {[%clk 0:10:16]} Nh7
{[%clk 0:01:33]} 1-0

[Event "EYCC 2024 - O18"]
[Site "?"]
[Date "2024.08.24"]
[Round "3.11"]
[White "Rozen, Eytan"]
[Black "Shamatava, Nikolozi"]
[Result "1-0"]
[BlackElo "2196"]
[WhiteElo "2478"]
[LiveChessVersion "1.4.8"]

1. d4 {[%clk 1:30:50]} Nf6 {[%clk 1:30:53]} 2. c4 {[%clk 1:31:17]} e6
{[%clk 1:31:18]} 3. Nc3 {[%clk 1:31:44]} Bb4 {[%clk 1:31:38]} 4. e3
{[%clk 1:32:09]} O-O {[%clk 1:32:02]} 5. Bd3 {[%clk 1:32:36]} c5 {[%clk 1:31:26]}
6. Nge2 {[%clk 1:32:47]} d5 {[%clk 1:29:58]} 7. cxd5 {[%clk 1:32:20]} exd5
{[%clk 1:29:06]} 8. O-O {[%clk 1:31:16]} Nc6 {[%clk 1:22:03]} 9. a3
{[%clk 1:30:31]} cxd4 {[%clk 1:21:49]} 10. exd4 {[%clk 1:28:54]} Bd6
{[%clk 1:18:53]} 11. h3 {[%clk 1:29:03]} h6 {[%clk 1:17:42]} 12. Bc2
{[%clk 1:26:32]} Ne7 {[%clk 1:07:16]} 13. Ng3 {[%clk 1:23:33]} Re8
{[%clk 1:06:50]} 14. Qf3 {[%clk 1:19:49]} Ng6 15. Rd1 {[%clk 1:09:28]} Nh4
{[%clk 0:44:41]} 16. Qd3 {[%clk 1:09:56]} Be6 17. Bd2 {[%clk 0:57:09]} a6
{[%clk 0:41:19]} 18. Na4 {[%clk 0:49:50]} Rc8 {[%clk 0:31:26]} 19. Nc5
{[%clk 0:50:03]} Bxc5 {[%clk 0:31:30]} 20. dxc5 {[%clk 0:50:32]} Rxc5
{[%clk 0:31:53]} 21. Bc3 {[%clk 0:43:33]} Ng6 {[%clk 0:31:10]} 22. Qf3
{[%clk 0:41:55]} Nh4 {[%clk 0:26:56]} 23. Qf4 {[%clk 0:40:51]} Rc4
{[%clk 0:26:14]} 24. Rd4 {[%clk 0:40:46]} Ng6 {[%clk 0:24:09]} 25. Qd2
{[%clk 0:40:07]} Ne7 {[%clk 0:20:31]} 26. Rd1 {[%clk 0:39:43]} Nc6
{[%clk 0:16:12]} 27. Rxc4 {[%clk 0:40:06]} dxc4 {[%clk 0:16:38]} 28. Qf4
{[%clk 0:40:31]} Nd5 {[%clk 0:12:24]} 29. Qe4 {[%clk 0:35:59]} g6
{[%clk 0:10:49]} 30. Qf3 {[%clk 0:28:53]} f5 {[%clk 0:06:07]} 31. Nxf5
{[%clk 0:28:04]} gxf5 {[%clk 0:01:52]} 32. Bxf5 {[%clk 0:26:56]} Bf7
{[%clk 0:01:10]} 33. Bh7+ {[%clk 0:23:30]} Kf8 {[%clk 0:01:34]} 34. Bg6
{[%clk 0:23:56]} Qd7 {[%clk 0:00:36]} 35. Bxf7 {[%clk 0:24:04]} Qxf7
{[%clk 0:01:00]} 36. Qxd5 {[%clk 0:23:04]} Rd8 {[%clk 0:00:36]} 37. Qc5+
{[%clk 0:22:33]} 1-0